000
00330nam a22001457a 4500
008
210609b ||||| |||| 00| 0 eng d
020
_a
9780321613417
041
_a
eng
080
_2
2nd
_a
510
082
_a
510
100
_a
36
101
_a
MAT
245
_a
Mathematics With Early Integers
_c
Bittinger,M.L
942
_2
udc
_c
BK
999
_c
58070
_d
58070